Регионална библиотека "Любен Каравелов" - Русе

Аркадий Гайдар (Запис номер 161143)

MARC детайли
000 -Лидер
Контролно поле с фиксирана дължина nam a22 a 4500
003 - Код на организацията, давaща контролен номер
Контролно поле BLK
005 - Дата и час на последна редакция
Контролно поле 20220706152901.0
008 - Елементи от данни с фиксирана дължина
fixed length control field 180410b bul|||||r ||||||| ||bul||
040 ## - Източник на каталожния запис
Идентификатор на билиотеката - собственик на записа BLK
041 ## - Код за език
Код за езика на текст/звукозапис или на отделно заглавие Български
Код за езика КДБФ Български
080 ## - УДК
Текстов определител УДК Био-библиографии
УДК код - определител по УДК 016:929
УДК - код + определител 016:929
080 ## - УДК
Текстов определител УДК Руска литература
УДК код - определител по УДК 821.161.1
УДК определител (092)(01)
УДК - код + определител 821.161.1(092)(01)
080 ## - УДК
Текстов определител УДК Съветски детски писател
УДК код - определител по УДК 929 Гайдар, Аркадий
УДК - код + определител 929 Гайдар, Аркадий
100 1# - Редна дума - Автор
Автор Димитрова, Иванка
Авторска отговорност първи автор
R(LIN) 378361
139 ## - Редно поле
Редна дума Димитрова, Иванка и др.
Авторски знак Гаи - Г 16
245 10 - Сведения за заглавието
Заглавие Аркадий Гайдар
Подзаглавни данни Био-библиогр. справка
Редно поле (дума) Иванка Димитрова, Христина Шаллиева.
257 ## - Страна на издаване
Страна на създаване/издаване България
260 ## - Област на издателските данни
Място на издаване, разпространение и проч. София
Име на издателя, разпространителя и проч. Дом на лит. и изкуствата за деца и юноши
Година на издаване 1970
Печатница София : ДСП Реклама
300 ## - Физическа характеристика
Страници 24 с.
Илюстрации и др. 1 л. портр.
Размери/Мащаб 20 см
380 ## - Жанр
Жанр Общ отдел
490 ## - СЕРИИ (Колекции)
Име на серия Библиотека Детски писатели
9 (RLIN) 204081
500 ## - Общи забележки
Забележка Авт. не са дадени на кор. - 3 000 тир.
600 14 - Име на лице, използвано като предмет
За него / За нея Гайдар, Аркадий
9 (RLIN) 328458
650 #4 - Допълнително описание по предмет – тема
Основно описание – тема или топоним Писатели, руски - библиографии
9 (RLIN) 278268
653 ## - Ключова дума – ненормативна
Ключова дума Аркадий Гайдар
653 ## - Ключова дума – ненормативна
Ключова дума био-библиографии
653 ## - Ключова дума – ненормативна
Ключова дума руски писатели
653 ## - Ключова дума – ненормативна
Ключова дума съветски писатели
700 1# - Други автори (авторска отговорност)
Лично име Шаллиева, Христина
Автороска отговорност (Описва отношението между автора и произведението) съавт.
9 (RLIN) 142592
852 ## - Местоположение
Форматна сигнатура Цб 56076
Фондова буква Хранилище
856 4# - Електронен адрес и достъп
Електронен формат pdf - файл
856 4# - Електронен адрес и достъп
Електронен формат pdf - файл
999 ## - СИСТЕМНИ КОНТРОЛНИ НОМЕРА
Koha biblionumber 161143
Koha biblioitemnumber 161143
942 ## - АРТИКУЛИ
Вид на библиотечния материал Книги
Скрит в OPAC Не
Периодичен библиозапис Да
944 ## - СЪЗДАВАНЕ И РЕДАКЦИЯ на ЗАПИСА
Създаване/Редакция Създаване
Дата на регистрацията/редакция 05.12.2014
Статус, дата на статуса 05.12.2014 - от С1,Р / 05.12.2014
Служител, извършил регистрацията/редакцията Елица_Владова
944 ## - СЪЗДАВАНЕ И РЕДАКЦИЯ на ЗАПИСА
Създаване/Редакция Редакция
Статус, дата на статуса 2022-07-06
Служител, извършил регистрацията/редакцията Кети
999 ## - СИСТЕМНИ КОНТРОЛНИ НОМЕРА
Koha biblioitemnumber 161143
Наличности
Код за отписване Код за изгубен артикул Източник на класификационната схема Код за повреда Коз за рестрикции Код за отдаване Артикулен № Име на библиотеката - собственик Име на библиотеката, в която се намира в момента Статус (Текущо местоположение) Дата на вписване в системата Местоположение - отдел Цена в лева Инвентарен номер Систематично азбучна сигнатура Баркод Номер на екземпляра Цена в евро Служебна бележка Служебен тип на артикула
  Не е изгубен Universal Decimal Classification Не е повреден само за читалня ползва се в читалня 269312 Регионална библиотека "Любен Каравелов" Русе Регионална библиотека "Любен Каравелов" Русе Хранилище 1970-01-01 Хранилище 0.10 85084 Цб 56076 120000085084 1 0.05 N: стар фонд Дата: 01.01.1970 Книги
Изтеглен Не е изгубен Universal Decimal Classification Не е повреден без рестрикции ползва се в читалня 269313 Регионална библиотека "Любен Каравелов" Русе Регионална библиотека "Любен Каравелов" Русе Детски отдел - справочен фонд 1970-01-01 Детски отдел - справочен фонд 0.06 86760 СД 016:92/Г 16 86760 2 0.03 N: стар фонд Дата: 01.01.1970 Дата инв: 20.11.2017 Бележки инв: СД2017 Книги
Vip Innovations Ltd, Rousse, Bulgaria 2025